Every Teams Starting Lineup In 2K23 - Statistics

General Stats
  • This quiz has been taken 11 times
  • The average score is 83 of 150
Answer Stats
Team POS Answer % Correct
Celtics PF Al Horford
100%
Hawks SG Dejounte Murray
100%
Nuggets PG Jamal Murray
100%
Celtics SG Jaylen Brown
100%
Celtics SF Jayson Tatum
100%
Kings PF Keegan Murray
100%
Hawks PG Trae Young
100%
Warriors SF Andrew Wiggins
91%
Lakers C Anthony Davis
91%
Suns PG Chris Paul
91%
Suns SG Devin Booker
91%
76ers PG James Harden
91%
Grizzlies PG Ja Morant
91%
Grizzlies PF Jaren Jackson Jr.
91%
76ers C Joel Embiid
91%
Nuggets C Nikola Jokic
91%
Nuggets PF Aaron Gordon
82%
Trailblazers SG Anfernee Simons
82%
Timberwolves SG Anthony Edwards
82%
Heat C Bam Adebayo
82%
Wizards SG Bradley Beal
82%
Trailblazers PG Damian Lillard
82%
Suns C Deandre Ayton
82%
Bulls PF Demar Derozan
82%
Heat SF Jimmy Butler
82%
Bucks PG Jrue Holiday
82%
Clippers SF Kawhi Leonard
82%
Warriors SG Klay Thompson
82%
Wizards PF Kristaps Porzingis
82%
Heat PG Kyle Lowry
82%
Mavericks SG Kyrie Irving
82%
Mavericks PG Luka Doncic
82%
Celtics PG Marcus Smart
82%
Bulls C Nikola Vucevic
82%
Raptors PF Pascal Siakam
82%
Clippers SG Paul George
82%
Clippers PG Russell Westbrook
82%
Thunder PG Shai Gilgeous-Alexander
82%
Bulls SF Zach Lavine
82%
Pelicans PF Brandon Ingram
73%
Bucks C Brook Lopez
73%
Hawks C Clint Capela
73%
Cavaliers PG Darius Garland
73%
Kings C Domantas Sabonis
73%
Cavaliers SG Donovan Mitchell
73%
Warriors PF Draymond Green
73%
Raptors PG Fred Vanvleet
73%
Magic SG Gary Harris
73%
Bucks PF Giannis Antetokounmpo
73%
Clippers C Ivica Zubac
73%
Hawks PF John Collins
73%
Thunder SG Josh Giddey
73%
Nuggets SG Kentavious Caldwell-Pope
73%
Suns SF Kevin Durant
73%
Rockets PG Kevin Porter Jr.
73%
Wizards SF Kyle Kuzma
73%
Nuggets SF Michael Porter Jr.
73%
Knicks C Mitchell Robinson
73%
Magic PF Paolo Banchero
73%
Knicks SF R.J. Barrett
73%
Timberwolves C Rudy Gobert
73%
76ers SF Tobias Harris
73%
Heat SG Tyler Herro
73%
Spurs C Zach Collins
73%
Pacers SF Buddy Hield
64%
Pelicans PG C.J. Mccollum
64%
Kings PG De'aaron Fox
64%
Hawks SF Deandre Hunter
64%
Grizzlies SF Dillon Brooks
64%
Bucks SG Grayson Allen
64%
Kings SF Harrison Barnes
64%
Pelicans SF Herbert Jones
64%
Knicks PG Jalen Brunson
64%
Rockets SG Jalen Green
64%
Cavaliers C Jarrett Allen
64%
Pelicans C Jonas Valanciunas
64%
Knicks PF Julius Randle
64%
Warriors C Kevon Looney
64%
Jazz SF Lauri Markkanen
64%
Nets SG Mikal Bridges
64%
Raptors SF Scottie Barnes
64%
Spurs PG Tre Jones
64%
Pacers PG Tyrese Haliburton
64%
Nets SF Cameron Johnson
55%
Jazz PG Collin Sexton
55%
Grizzlies SG Desmond Bane
55%
Nets PF Dorian Finney-Smith
55%
Mavericks C Dwight Powell
55%
Cavaliers PF Evan Mobley
55%
Magic SF Franz Wagner
55%
Rockets PF Jabari Smith Jr.
55%
Trailblazers PF Jerami Grant
55%
Spurs SF Keldon Johnson
55%
Clippers PF Marcus Morris Sr.
55%
Timberwolves PG Mike Conley
55%
Pacers C Myles Turner
55%
Raptors SG OG Anunoby
55%
76ers PF P.J. Tucker
55%
Bulls SG Alex Caruso
45%
Pistons SF Bojan Bogdanovic
45%
Heat PF Caleb Martin
45%
Lakers PG D'angelo Russell
45%
Lakers PF Jarred Vanderbilt
45%
Warriors PG Jordan Poole
45%
Bucks SF Khris Middleton
45%
Hornets SF Gordon Hayward
36%
Raptors C Jakob Poeltl
36%
Pistons C Jalen Duren
36%
Jazz SG Jordan Clarkson
36%
Kings SG Kevin Huerter
36%
Pistons PG Killian Hayes
36%
Hornets PF P.J. Washington
36%
Lakers SF Rui Hachimura
36%
Magic C Wendell Carter Jr.
36%
Wizards C Daniel Gafford
27%
Pelicans SG Josh Richardson
27%
Timberwolves PF Kyle Anderson
27%
Magic PG Markelle Fultz
27%
Mavericks PF Reggie Bullock
27%
Jazz C Walker Kessler
27%
Pacers SG Chris Duarte
18%
Pistons PF Isaiah Stewart
18%
Pistons SG Jaden Ivey
18%
Timberwolves SF Jaden Mcdaniels
18%
Thunder PF Jalen Williams
18%
Spurs PF Jeremy Sochan
18%
Rockets SF Kenyon Martin Jr.
18%
Lakers SG Malik Beasley
18%
Trailblazers SF Matisse Thybulle
18%
Knicks SG Josh Hart
9%
Jazz PF Kelly Olynyk
9%
Hornets SG Kelly Oubre Jr.
9%
Nets C Nicolas Claxton
9%
Celtics C Robert Williams lll
9%
Pacers PF Aaron Nesmith
0%
Rockets C Alperen Sengun
0%
76ers SG D'anthony Melton
0%
Trailblazers C Drew Eubanks
0%
Cavaliers SF Isacc Okoro
0%
Thunder C Jaylin Williams
0%
Mavericks SF Josh Green
0%
Thunder SF Lugentz Dort
0%
Spurs SG Malaki Branham
0%
Hornets C Mark Williams
0%
Wizards PG Monte
0%
Bulls PG Patrick Beverley
0%
Nets PG Spencer Diwiddie
0%
Hornets PG Terry Rozier lll
0%
Suns PF Torrey Craig
0%
Grizzlies C Xavier Tillman
0%
No matching quizzes found
Score Distribution
Percent of People with Each Score
Percentile by Number Answered
Your Score History
You have not taken this quiz